000
nam a22 7a 4500
999
_c
43969
_d
43969
003
OSt
005
20180415113735.0
008
180415b xxu||||| |||| 00| 0 eng d
040
_c
IIMT
100
_a
ROBERT,SCHALKOFF
245
_a
ARTFICIAL NERUL NETWORK
260
_a
NEW DELHI
_b
TMH
_c
2011
300
_a
422
942
_2
ddc
_c
01